| 000 | 00756nam a22002297a 4500 | ||
|---|---|---|---|
| 999 |
_c6450 _d6450 |
||
| 003 | AR-CdUCM | ||
| 008 | 190315b ||||| |||| 00| 0 spa d | ||
| 020 | _a978-1-4031-4469-0 | ||
| 040 |
_aMUNICIPALIDAD PROVINCIAL DEL CUSCO _cBIBLIOTECA MUNICIPAL DEL CUSCO |
||
| 041 | _heng | ||
| 082 |
_a080 / _bH85 |
||
| 100 |
_aHubbard, Ronal L. _918228 |
||
| 245 | _aProcedimiento avanzado y axiomas / | ||
| 260 |
_aCalifornia : _bBridge publications, _c2007. |
||
| 300 |
_a295 paginas ; _bIlustraciones, _c24.5 cm. |
||
| 505 | _aEl papel del auditor -- La evolución del hombre -- Procedimiento avanzado | ||
| 650 |
_aconsciencia _918280 |
||
| 650 |
_aMentalidad humana _918284 |
||
| 650 |
_aIntegridad personal _918287 |
||
| 942 |
_2ddc _cLIBROS |
||
| 945 | _aacv | ||